| 000 | 00670nam a2200277Ia 4500 | ||
|---|---|---|---|
| 003 | OSt | ||
| 005 | 20231123163637.0 | ||
| 008 | 210210b2018 xxu||||| |||| 00| 0 eng d | ||
| 020 | _a9788125918790 | ||
| 040 | _cAL | ||
| 041 | _aeng | ||
| 082 | _a581.1 PANP | ||
| 100 |
_aPANDEY (S N) _9143248 |
||
| 245 | _aPlant physiology | ||
| 250 | _a4 | ||
| 260 |
_aNew Delhi _bVikas Publishing House Pvt Ltd. _c2018 |
||
| 300 | _axii,682 | ||
| 650 |
_aPlant _9143249 |
||
| 650 |
_aphysiology _9143250 |
||
| 650 |
_aEd _9143251 |
||
| 650 |
_a4 _9143252 |
||
| 690 |
_aPlant Physiology _9143253 |
||
| 700 |
_aSINHA (B K) _9143254 |
||
| 906 | _a072626 | ||
| 942 |
_2ddc _cBK |
||
| 999 |
_c122528 _d122528 |
||